Normal view
MARC view
- Wade, William,
Entry Personal Name
001 - CONTROL NUMBER
- control field: 128593
003 - CONTROL NUMBER IDENTIFIER
- control field: NUST
005 - DATE AND TIME OF LATEST TRANSACTION
- control field: 20250328103941.0
008 - FIXED-LENGTH DATA ELEMENTS
- fixed length control field: 250328|| aca||aabn | a|a d
040 ## - CATALOGING SOURCE
- Original cataloging agency: NUST
- Transcribing agency: NUST
100 ## - HEADING--PERSONAL NAME
- Personal name: Wade, William,
- Dates associated with a name: 1918-2004
670 ## - SOURCE DATA FOUND
- Source citation: Work cat.: (NUST)0: Forsyth, C. F., author. 128591, Wade & Forsyth's administrative law /
